Índice de la revista Casa de las Américas, No. 82-87
Guardado en:
| Formato: | Desconocido |
|---|---|
| Lenguaje: | Spanish |
| Materias: | |
| Etiquetas: |
Agregar Etiqueta
Sin Etiquetas, Sea el primero en etiquetar este registro!
|
MARC
| LEADER | 000000000a22000000004500 | ||
|---|---|---|---|
| 001 | 002371 | ||
| 041 | 0 | |a spa | |
| 245 | 0 | 0 | |a Índice de la revista Casa de las Américas, |b No. 82-87 |
| 310 | |a bimestral | ||
| 650 | 4 | |a INDICES | |
| 650 | 4 | |a REVISTA CASA DE LAS AMERICAS | |
| 773 | 0 | |x 008-7157 |d Cuba : Casa de las Américas |t Casa de las Américas |g número 87 (1974), páginas 160-167 | |
| 942 | |c ARC | ||
| 999 | |c 9889 |d 9889 | ||
